Normal view
MARC view
- Women spies
Entry Topical Term
001 - CONTROL NUMBER
- control field: 98398
003 - CONTROL NUMBER IDENTIFIER
- control field: NUST
005 - DATE AND TIME OF LATEST TRANSACTION
- control field: 20220823170735.0
008 - FIXED-LENGTH DATA ELEMENTS
- fixed length control field: 220823|| aca||aabn | a|a d
040 ## - CATALOGING SOURCE
- Original cataloging agency: NUST
- Transcribing agency: NUST
150 ## - HEADING--TOPICAL TERM
- Topical term or geographic name entry element: Women spies
- Geographic subdivision: United States
- Form subdivision: Fiction
670 ## - SOURCE DATA FOUND
- Source citation: Work cat.: (NUST)0: Chiaverini, Jennifer, author. 96077, Resistance women :
